| 000 | 00523nam a22001937a 4500 | ||
|---|---|---|---|
| 003 | MPLRDC | ||
| 005 | 20220104123855.0 | ||
| 008 | 210129b ||||| |||| 00| 0 eng d | ||
| 020 | _a957-529-420-3 | ||
| 082 | _a496.5 GJJ | ||
| 100 | _a国津进、一坪良江合著 | ||
| 245 |
_a顶尖推锁员的成功法则 _c金叶明译 |
||
| 250 | _a初版三刷 | ||
| 260 |
_a _b世茂出版社 _c1994 |
||
| 300 | _b平 | ||
| 490 | _a上班族智慧飨宴. 62 | ||
| 650 | _a推销策略; 贩卖术 | ||
| 942 |
_cBK _o496.5 GJJ |
||
| 999 |
_c14878 _d14868 |
||